[Event "Dortmund Sparkassen op-B"]
[Site "Dortmund"]
[Date "2012.07.16"]
[Round "3"]
[White "Arens, Janik"]
[Black "Finke, Lara"]
[Result "1/2-1/2"]
[WhiteElo "1754"]
[BlackElo "1411"]
[PlyCount "80"]
[EventDate "2012.07.14"]
[EventType "swiss"]
[EventRounds "9"]
[EventCountry "GER"]
[SourceTitle "EXT 2014"]
[Source "ChessBase"]
[SourceDate "2013.11.20"]
[SourceVersion "1"]
[SourceVersionDate "2013.11.20"]
[SourceQuality "1"]

1. f4 d5 2. Nf3 Nf6 3. e3 e6 4. Be2 Bd6 5. b3 0-0 6. Bb2 Nbd7 7. 0-0 c6 8. Qe1 Qc7 9. Qg3 Re8 10. Bd3 e5 11. Ng5 e4 12. Be2 c5 13. Nc3 d4 14. Nb5 Qb6 15. a4 a6 16. a5 Qc6 17. Na3 Qc7 18. Nc4 Nd5 19. Kh1 f6 20. Nh3 dxe3 21. dxe3 Ne7 22. Rad1 Nf5 23. Qf2 Be7 24. Rd5 Nf8 25. Rfd1 Be6 26. R5d2 Red8 27. Nb6 Rab8 28. Bc4 Bxc4 29. Nxc4 Rxd2 30. Rxd2 Rd8 31. Ba3 Ne6 32. Qe2 Nd6 33. Nb6 Bf8 34. Nf2 f5 35. Nd1 Nc8 36. Nc4 Nd6 37. Ndb2 Nb5 38. Na4 Nxa3 39. Nxa3 Qxa5 40. Nc4 Qc7 1/2-1/2